000 00905nam a22002177a 4500
999 _c1708
_d1708
003 CoMeUDC
005 20230517144800.0
008 230517b ||||| |||| 00| 0 eng d
020 _a9589220134
040 _cCO-UdeC
_dCO-UdeC
_eAARC
_eISBD
082 _a516
_bD888
100 _92366
_aDumett, Miguel Angel
245 _aModelos lineales generalizados /
_cMiguel Angel Dumett.
260 _aMedellín :
_bUniversidad Nacional de Colombia. Departamento de Matemáticas y Estadística,
_c[1995].
300 _a142 p. ;
_c26 cm.
505 _aLa familia exponencial con dispersión -- Modelos lineales y modelos lineales generalizados -- El algoritmo de ajuste -- Teoría asintótica -- Técnicas de verificación del modelo -- Resumen de Glim
546 _aEspañol.
650 0 _91484
_aEstadística matemática.
650 0 _92367
_aModelos lineales generalizados
_zEstadística
942 _2ddc
_cBK